Pays membres de l’OTAN - Statistiques

Statistiques générales
  • Ce quiz a été pris 137 fois
  • Le résultat moyen est 5 sur 11
Answers on the Grid
Answers color-coded by a green-red scale on the quiz's grid according to % correct below.
Espagne
Norvège
Ukraine
Autriche
Albanie
Turquie
Serbie
Malte
Royaume-Uni
Bosnie - Herzégovine
Finlande
Macédoine du Nord
Suisse
Géorgie
Suède
Chypre
Biélorussie
Hongrie
Arménie
Slovaquie
Pologne
 
Statistiques - réponses
Réponse % Correct
Espagne
80%
Royaume-Uni
71%
Finlande
52%
Norvège
51%
Pologne
49%
Hongrie
46%
Turquie
46%
Slovaquie
45%
Suède
38%
Albanie
28%
Macédoine du Nord
25%
Aucun quiz correspondant
Distribution des résultats
% des personnes avec chaque résultat
Percentile par nombre de réponses
Votre historique - résultats
Vous n’avez pas pris ce quiz